| 000 | 00341nam a2200121 a 4500 | ||
|---|---|---|---|
| 005 | 20140414131935.0 | ||
| 008 | 110118s19uu xx 00 eng d | ||
| 050 |
_aER _bSch1 1998 |
||
| 100 | _aSchlein, Miriam | ||
| 245 |
_aWhat the dinosaurs saw : _banimals living then and now. |
||
| 260 |
_aNew York : _bScholastic, _c1998. |
||
| 999 |
_c112401 _d112401 |
||